000 00514nam a2200181Ia 4500
003 GCL
008 140319s9999 xx 000 0 ara d
040 _aGCL /
_cGCL
082 0 4 _a272.1
_bع ك
100 1 _aعايد هنرى
245 1 0 _aالكتاب المقدس سفرا سفرا /
_cعايد هنرى
300 _a270 ص ؛
_c20 سم
650 0 4 _aالعهد القديم
650 0 4 _aالعهد الجديد
650 0 4 _aالانجيل
650 0 4 _aالانجيل - تعليقات
942 _2ddc
_cBK
999 _c4925
_d4925